| Tag |
First Indicator |
Second Indicator |
Subfields |
| LEADER |
00000cam a2200000 4500 |
| 001 |
in00000062058 |
| 005 |
20151008051114.0 |
| 008 |
740408s1951 nyu 00000 eng u |
| 010 |
|
|
|a 52006870
|
| 035 |
|
|
|a (OCoLC)00851083
|
| 035 |
|
|
|9 AAG5772AM
|
| 040 |
|
|
|c WPG
|d TXA
|d UtOrBLW
|
| 049 |
|
|
|a TXAM
|v 1 [211833]
|v 2 [211834]
|
| 050 |
|
0 |
|a HD82
|b .A7 1950b
|
| 092 |
|
|
|a 338.91
|b A832f
|
| 110 |
2 |
|
|a Asian Centre on Agricultural and Allied Projects
|d (1950 :
|c Lahore)
|
| 245 |
1 |
0 |
|a Formulation and economic appraisal of development projects; lectures delivered at the Asian Centre on Agricultural and Allied Projects, Training Institute on Economic Appraisal of Development Projects, Lahore, Pakistan, October-December 1950.
|
| 264 |
|
1 |
|a [New York] :
|b United Nations,
|c 1951.
|
| 300 |
|
|
|a 2 volumes :
|b diagrams ;
|c 23 cm.
|
| 336 |
|
|
|a text
|b txt
|2 rdacontent
|
| 337 |
|
|
|a unmediated
|b n
|2 rdamedia
|
| 338 |
|
|
|a volume
|b nc
|2 rdacarrier
|
| 500 |
|
|
|a Lectures delivered at the Asian Centre on Agricultural and Allied Projects Training Institute on Economic Appraisal of Development Projects, Lahore, Pakistan, October-December, 1950.
|
| 500 |
|
|
|a "United Nations publications. 1951. II.B.4."
|
| 650 |
|
0 |
|a Economic policy.
|
| 650 |
|
0 |
|a Industrialization.
|
| 999 |
|
|
|a MARS
|
| 999 |
f |
f |
|s 47215f43-f065-393d-a77a-413ebdee08c4
|i 4382f3cd-3ee0-3d1a-8665-edc05ddd897f
|t 0
|
| 952 |
f |
f |
|p normal
|a Texas A&M University
|b College Station
|c Sterling C. Evans Library
|d Evans: Library Stacks
|t 0
|e HD82 .A7 1950b
|h Library of Congress classification
|i unmediated -- volume
|k v.2
|m A14800772060
|
| 952 |
f |
f |
|p normal
|a Texas A&M University
|b College Station
|c Sterling C. Evans Library
|d Evans: Library Stacks
|t 0
|e HD82 .A7 1950b
|h Library of Congress classification
|i unmediated -- volume
|k v.1
|m A14800772052
|
| 998 |
f |
f |
|a HD82 .A7 1950b
|s v.1-v.2
|t 0
|l Evans: Library Stacks
|